zpět

Detail výsledku týmu

Cabaret café bar, Olomouc

Datum a čas kvízu

28 Celkem bodů Celkový počet nahraných bodů na tomto kvízu bez doplňovacích otázek.
4. Pořadí na kvízu Konečné umístění týmu na tomto kvízu.

Zaznamenané odpovědi

# Otázka Odpověď Body Výsledky
1. Jeden z řidičů Dopravního podn... Reklama (hnutí SPD) vylepená na voze. 1
2. V belgickém městě Verviers se... srdce 0
3. Nakladatelství Atlantis minulý... Slavnost bezvýznamnosti 0
4. Automobilka Škoda minulé úterý... Enyaq 1
5. Úterní etapu Tour de France vy... penalizace (za nepovolené občerstvování) 1
6. Když se Roald Amundsen dozvědě... Robert Scott 0
7. Jedním z nejvýznamnějších obje... James Clark Ross 0
8. Britský horolezec George Mallo... Nanga Parbat 0
9. Roku 1938 byla poprvé pokořena... Heinrich Harrer, Sedm let v Tibetu 0
10. Podmořští výzkumníci Jacques P... batyskaf 1